000 01153naa a22002897a 4500
001 BR8405293
003 BR-BrBNA
005 20240918175459.0
007 ta
008 230509b bl.||||| |||| 00| 0 por d
040 _aBR-BrBNA
_bpor
_cBiblioteca Nacional de Agricultura
041 _a(Pt)
072 _aH10
_b0336
_b4020
090 _aH10 BR8405293
100 1 _aSilva, M.T.B. da
111 1 _a12. Reuniao de Pesquisa de Soja da Regiao Sul
_cPelotas, RS (Brazil)
_d31 Jul 1984
245 1 _aPeriodicidade de voo de alguns insetos da soja determinada com armadilha luminosa
260 3 _aCruz Alta, RS (Brasil):
_c1984.
500 _aContribuicao do Centro de Experimentacao e Pesquisa a 12. Reuniao de Pesquisa de Soja da Regiao Sul Cruz Alta, RS (Brasil): 1984. p. 168-171 (BR8405293-AM)H10
650 _aSOJA
650 _aLAGARTA
650 _aARMADILHA LUMINOSA
650 _aCONTROLE MECANICO
773 0 _tContribuicao do Centro de Experimentacao e Pesquisa a 12. Reuniao de Pesquisa de Soja da Regiao Sul
_wH10 BR8405293
_gCruz Alta, RS (Brasil), 1984. p. 168-171
909 _a202404
_bLucia
_c55
_dLucia Elande
942 _cAM
_2AGRIS
999 _c316925
_d316925